[Event "Madurai Athens of the East op-C U1700"]
[Site "Madurai"]
[Date "2023.12.24"]
[Round "3"]
[White "Kumbhar, Kartik"]
[Black "Ram, Kumar GM"]
[Result "0-1"]
[WhiteElo "1391"]
[BlackElo "1683"]
[PlyCount "87"]
[EventDate "2023.12.24"]
[EventType "swiss"]
[EventRounds "9"]
[EventCountry "IND"]
[SourceTitle "CB06_2024"]
[SourceDate "2024.02.07"]
[SourceVersion "1"]
[SourceVersionDate "2024.02.07"]
[SourceQuality "1"]

1. e4 c5 2. Nc3 g6 3. d4 Bg7 4. d5 d6 5. Nf3 Na6 6. Bf4 Qb6 7. Rb1 Qb4 8. Bb5+ Kf8 9. 0-0 Bxc3 10. bxc3 Qxe4 11. Qd2 Nc7 12. Bh6+ Nxh6 13. Qxh6+ Kg8 14. Rbe1 Qxc2 15. Rxe7 Bd7 16. Bxd7 Nxd5 17. Rxf7 Kxf7 18. Ng5+ Kf6 19. Re1 Rae8 20. Bxe8 Rxe8 21. Nxh7+ Kf7 22. Ng5+ Kf6 23. Rf1 Nxc3 24. Nh7+ Kf7 25. Qf4+ Qf5 26. Qxd6 Ne2+ 27. Kh1 Qe5 28. Qd7+ Re7 29. Qg4 Qf4 30. Qh3 Kg7 31. f3 Qh6 32. Qxh6+ Kxh6 33. Nf6 Rc7 34. Nd5 Rd7 35. Ne3 Rd2 36. a3 Ra2 37. Nc4 b5 38. Nd6 a6 39. g4 c4 40. f4 c3 41. Nf7+ Kg7 42. Ne5 c2 43. Nd3 Rxa3 44. Nc1 0-1